[Event "AUTO-OPEN-1681"]
[Site "http://www.queenalice.com/game.php?id=648129"]
[Date "2009.9.6"]
[Round "1"]
[White "Dean20"]
[Black "Anil"]
[Result "0-1"]
[WhiteElo "1598"]
[BlackElo "1232"]

1. e4 e5 2. f4 exf4 3. Bc4 Qh4+ 4. Kf1 b5 5. Nf3 Qf6 6. Bxb5 c6 7. Bc4 Ba6 8.
Bxa6 Nxa6 9. d4 Qg6 10. Kf2 Nf6 11. Nc3 c5 0-1

[Event "AUTO-OPEN-1721"]
[Site "http://www.queenalice.com/game.php?id=666465"]
[Date "2009.10.12"]
[Round "1"]
[White "tomhagen456"]
[Black "Anil"]
[Result "1-0"]
[WhiteElo "1629"]
[BlackElo "1289"]

1. e4 e5 2. Nf3 Qe7 3. Nc3 c6 4. d4 exd4 5. Qxd4 Nf6 6. Bd3 c5 7. Qa4 h5 8. Bf4
a6 9. O-O b5 10. Nxb5 axb5 11. Qxa8 Na6 12. Qxc8+ Qd8 13. Qxd8+ Kxd8 14. e5 c4
15. Bf5 Nd5 16. Bg5+ f6 17. exf6 gxf6 18. Rad1 Ne7 19. Bxf6 Rh6 20. Rxd7+ Ke8
21. Bxe7 Nb8 22. Bxf8 Kxf8 23. Rfd1 b4 24. Rd8+ Ke7 25. Rxb8 h4 26. Rd7+ Kf6 27.
Rf8# 1-0

[Event "AUTO-OPEN-1721"]
[Site "http://www.queenalice.com/game.php?id=666466"]
[Date "2009.10.12"]
[Round "1"]
[White "Anil"]
[Black "tomhagen456"]
[Result "0-1"]
[WhiteElo "1279"]
[BlackElo "1500"]

1. e4 c5 2. b3 Nc6 3. Nc3 d6 4. g4 e5 5. a4 Be6 6. Nf3 Bxg4 7. h3 Be6 8. Rg1 Qd7
9. Qe2 Nf6 10. Qe3 Bxh3 11. Ng5 Bxf1 12. Kxf1 h6 13. Nf3 O-O-O 14. Nd5 Nxd5 15.
exd5 Nb4 16. Qc3 Nxd5 17. Qd3 Qh3+ 18. Ke1 Nf4 19. Qb5 Qxf3 20. b4 a6 21. Qe2
Qxe2# 0-1

[Event "AUTO-OPEN-1721"]
[Site "http://www.queenalice.com/game.php?id=666493"]
[Date "2009.10.12"]
[Round "1"]
[White "Anil"]
[Black "gmvilela"]
[Result "0-1"]
[WhiteElo "1260"]
[BlackElo "2162"]

1. e4 c5 2. Qf3 Nc6 3. c4 d6 4. h4 Nf6 5. Nc3 Bg4 6. Qg3 e5 7. f3 Be6 8. a4 Nb4
9. Kd1 g6 10. d3 Nh5 11. Qf2 Bg7 12. g4 Nf4 13. a5 Nfxd3 14. Qd2 Nxc1 15. Kxc1
Nc6 16. h5 Bf6 17. hxg6 Bg5 18. gxf7+ Bxf7 19. Nh3 Bxd2+ 20. Kxd2 Nd4 21. Ng5
Qxg5+ 22. Kd1 Nxf3 23. Ke2 Nd4+ 24. Ke1 Bg6 25. Nd5 Bxe4 26. Nc7+ Kd7 27. Nd5
Bxd5 0-1

[Event "AUTO-OPEN-1721"]
[Site "http://www.queenalice.com/game.php?id=666494"]
[Date "2009.10.12"]
[Round "1"]
[White "gmvilela"]
[Black "Anil"]
[Result "1-0"]
[WhiteElo "2214"]
[BlackElo "1279"]

1. e4 e5 2. Nf3 f6 3. Nxe5 fxe5 4. Qh5+ g6 5. Qxe5+ Qe7 6. Qxh8 Qf7 7. Qc3 d5 8.
Be2 Na6 9. Bxa6 bxa6 10. Qc6+ Qd7 11. Qxa8 dxe4 12. Qxe4+ Qe7 13. Qxe7+ Bxe7 14.
O-O Nf6 15. d4 Ng4 16. Nc3 a5 17. h3 Nf6 18. Re1 Ba6 19. Bg5 h5 20. Bxf6 Kf7 21.
Bxe7 c6 22. Bc5 h4 23. Re7+ Kg8 24. Rxa7 1-0

[Event "AUTO-OPEN-1721"]
[Site "http://www.queenalice.com/game.php?id=666495"]
[Date "2009.10.12"]
[Round "1"]
[White "Anil"]
[Black "filatelista"]
[Result "0-1"]
[WhiteElo "1283"]
[BlackElo "1660"]

1. d4 d5 2. a4 e6 3. f4 Nf6 4. h4 Bd6 5. Nc3 O-O 6. Rh3 c5 7. dxc5 Bxc5 8. g4
Bxg1 9. g5 Nfd7 10. Rh1 Bc5 11. Rb1 Qb6 12. b4 Bf2+ 13. Kd2 Qe3# 0-1

[Event "AUTO-OPEN-1721"]
[Site "http://www.queenalice.com/game.php?id=666496"]
[Date "2009.10.12"]
[Round "1"]
[White "filatelista"]
[Black "Anil"]
[Result "1-0"]
[WhiteElo "1782"]
[BlackElo "1289"]

1. d4 d5 2. e3 a5 3. c4 dxc4 4. Bxc4 Nf6 5. h3 h5 6. Nf3 Rh6 7. Nc3 Be6 8. Bxe6
fxe6 9. e4 c6 10. Bxh6 gxh6 11. O-O b5 12. Re1 b4 13. Na4 Nbd7 14. Rc1 Qc7 15.
Qc2 Rb8 16. Qxc6 Qd6 17. e5 Qd5 18. exf6 exf6 19. Qxd5 h4 20. Qxe6+ Kd8 21. Qe8#
1-0

[Event "AUTO-INT-1478"]
[Site "http://www.queenalice.com/game.php?id=666602"]
[Date "2009.10.13"]
[Round "1"]
[White "giraldes"]
[Black "Anil"]
[Result "1-0"]
[WhiteElo "1456"]
[BlackElo "1258"]

1. d4 d5 2. c4 dxc4 3. Nc3 a5 4. e4 b5 5. Nxb5 g5 6. Bxc4 c6 7. Nc3 Nf6 8. Bxg5
h6 9. Bf4 a4 10. Qf3 Qxd4 11. Bd3 Qb4 12. Ne2 a3 13. bxa3 Qb2 14. O-O Qxa3 15.
Rad1 Nfd7 16. e5 Rg8 17. Bc4 c5 18. Bc1 Nxe5 19. Bb5+ Bd7 20. Bxd7+ Nbxd7 21.
Qh5 Rg5 22. Qh3 Nb6 23. Bxa3 1-0

[Event "AUTO-INT-1478"]
[Site "http://www.queenalice.com/game.php?id=666603"]
[Date "2009.10.13"]
[Round "1"]
[White "Anil"]
[Black "giraldes"]
[Result "1-0"]
[WhiteElo "1273"]
[BlackElo "1473"]

1. d4 d5 2. Nc3 Nf6 3. g4 Nxg4 4. h3 Nf6 5. a4 Bf5 6. f3 e6 7. e4 dxe4 8. fxe4
Nxe4 9. Qf3 Bb4 10. Qg2 O-O 11. h4 Qxd4 12. Nf3 Nxc3 13. Rg1 Ne4+ 14. c3 Bxc3+
15. bxc3 Qxc3+ 16. Bd2 Qxa1+ 17. Ke2 Qxa4 18. Qxg7# 1-0

[Event "AUTO-INT-1478"]
[Site "http://www.queenalice.com/game.php?id=666616"]
[Date "2009.10.13"]
[Round "1"]
[White "ReidoBaralho"]
[Black "Anil"]
[Result "1-0"]
[WhiteElo "1678"]
[BlackElo "1275"]

1. e4 e5 2. Qh5 a5 3. Qxe5+ Qe7 4. Qxc7 Na6 5. Bxa6 Nf6 6. Bxb7 Bxb7 7. Qxb7 Rd8
8. Nc3 d5 9. Qb5+ Nd7 10. Nxd5 Qxe4+ 11. Ne3 Rb8 12. Qxa5 Ra8 13. Qc3 Qe6 14.
Nf3 f6 15. O-O g5 16. Nd4 Qd6 17. Re1 Qf4 18. Nd5+ Ne5 19. Nc7+ Ke7 20. Nxa8 Kf7
21. Qc4+ 1-0

[Event "AUTO-INT-1478"]
[Site "http://www.queenalice.com/game.php?id=666617"]
[Date "2009.10.13"]
[Round "1"]
[White "Anil"]
[Black "ReidoBaralho"]
[Result "0-1"]
[WhiteElo "1277"]
[BlackElo "1676"]

1. d4 d5 2. f3 Nc6 3. g3 Bf5 4. g4 Bg6 5. Nh3 Nb4 6. Na3 e6 7. c3 Qh4+ 8. Nf2 b6
9. cxb4 Bxb4+ 10. Bd2 Bxa3 11. bxa3 h5 12. Qa4+ Ke7 13. Bb4+ Kf6 14. e4 dxe4 15.
g5+ Qxg5 16. fxe4 Qe3+ 17. Be2 Qxd4 18. e5+ Qxe5 19. Qd7 Qxa1+ 20. Kd2 Qxa2+ 21.
Kc3 Qxe2 22. Nd1 Qf3+ 0-1

[Event "AUTO-INT-1478"]
[Site "http://www.queenalice.com/game.php?id=666624"]
[Date "2009.10.13"]
[Round "1"]
[White "Erychess"]
[Black "Anil"]
[Result "1-0"]
[WhiteElo "1634"]
[BlackElo "1279"]

1. e4 e5 2. Nf3 f6 3. Bc4 Nh6 4. O-O a6 5. d4 exd4 6. Nxd4 Qe7 7. Bxh6 gxh6 8.
Nf5 Qxe4 9. Re1 Qe5 10. Rxe5+ Kd8 11. Re1 b5 12. Be6 a5 13. Bf7 Nc6 14. Re8# 1-0

[Event "AUTO-INT-1478"]
[Site "http://www.queenalice.com/game.php?id=666625"]
[Date "2009.10.13"]
[Round "1"]
[White "Anil"]
[Black "Erychess"]
[Result "0-1"]
[WhiteElo "1277"]
[BlackElo "1718"]

1. e4 e5 2. Nc3 Nf6 3. a4 Bb4 4. Qf3 c6 5. Qg3 O-O 6. h4 Bxc3 7. dxc3 Nh5 8. Qd3
h6 9. g4 Nf4 10. Qe3 d5 11. exd5 Nxd5 12. Bd3 Nxe3 13. fxe3 Bxg4 14. Rh3 Bxh3
15. Nxh3 Qxh4+ 16. Nf2 Nd7 17. e4 Nc5 18. Be2 Nxe4 19. Be3 Rfd8 20. b3 Nxc3 0-1